<?xml version="1.0" encoding="UTF-8"?>
<collection xmlns="http://www.loc.gov/MARC21/slim">
<record>
  <controlfield tag="001">4803</controlfield>
  <controlfield tag="005">20200217123555.0</controlfield>
  <datafield tag="024" ind1="7" ind2=" ">
    <subfield code="a">10.3390/atoms7040105</subfield>
    <subfield code="2">DOI</subfield>
  </datafield>
  <datafield tag="037" ind1=" " ind2=" ">
    <subfield code="a">SCART-2020-0069</subfield>
  </datafield>
  <datafield tag="100" ind1=" " ind2=" ">
    <subfield code="a">Lobel, Alex</subfield>
  </datafield>
  <datafield tag="245" ind1=" " ind2=" ">
    <subfield code="a">The Belgian Repository of Fundamental Atomic Data and Stellar Spectra (BRASS)</subfield>
  </datafield>
  <datafield tag="260" ind1=" " ind2=" ">
    <subfield code="c">2019</subfield>
  </datafield>
  <datafield tag="520" ind1=" " ind2=" ">
    <subfield code="a">Background: BRASS (Belgian Repository of Fundamental Atomic Data and Stellar Spectra) is an international networking project for the development of a new public database providing accurate fundamental atomic data of vital importance for stellar spectroscopic research. We present an overview of research results obtained in the past four years. Methods: The BRASS database offers atomic line data we thoroughly tested by comparing theoretical and observed stellar spectra. We perform extensive quality assessments of selected atomic input data using advanced radiative transfer spectrum synthesis calculations, which we compare to high-resolution Mercator-HERMES and ESO-VLT-UVES spectra of F-, G-, and K-type benchmark stars observed with very high signal-to-noise ratios. We have retrieved about half a million atomic lines required for our detailed spectrum synthesis calculations from the literature and online databases such as VAMDC, NIST, VALD, CHIANTI, Spectr-W 3 , TIPbase, TOPbase, SpectroWeb. Results: The atomic datasets have been cross-matched based on line electronic configuration information and organized in a new online repository called BRASS. The validated atomic data, combined with the observed and theoretical spectra are also interactively offered in BRASS. The combination of these datasets is a novel approach for its development providing a universal reference for advanced stellar spectroscopic research. Conclusion: We present an overview of the BRASS Data Interface developments allowing online user interaction for the combined spectrum and atomic data display, line identification, atomic data accuracy assessments including line log(gf)-values, and line equivalent width measurements.</subfield>
  </datafield>
  <datafield tag="536" ind1=" " ind2=" ">
    <subfield code="a">BR/</subfield>
    <subfield code="c">143/</subfield>
    <subfield code="f">A2/BRASS</subfield>
  </datafield>
  <datafield tag="594" ind1=" " ind2=" ">
    <subfield code="a">NO</subfield>
  </datafield>
  <datafield tag="653" ind1="1" ind2=" ">
    <subfield code="a">quantitative stellar spectroscopy</subfield>
  </datafield>
  <datafield tag="653" ind1="1" ind2=" ">
    <subfield code="a">spectral lines</subfield>
  </datafield>
  <datafield tag="653" ind1="1" ind2=" ">
    <subfield code="a">atomic line data</subfield>
  </datafield>
  <datafield tag="653" ind1="1" ind2=" ">
    <subfield code="a">atomic and spectral databases</subfield>
  </datafield>
  <datafield tag="700" ind1=" " ind2=" ">
    <subfield code="a">Royer, Pierre</subfield>
  </datafield>
  <datafield tag="700" ind1=" " ind2=" ">
    <subfield code="a">Martayan, Christophe</subfield>
  </datafield>
  <datafield tag="700" ind1=" " ind2=" ">
    <subfield code="a">Laverick, Michael</subfield>
  </datafield>
  <datafield tag="700" ind1=" " ind2=" ">
    <subfield code="a">Merle, Thibault</subfield>
  </datafield>
  <datafield tag="700" ind1=" " ind2=" ">
    <subfield code="a">Van der Swaelmen, Mathieu</subfield>
  </datafield>
  <datafield tag="700" ind1=" " ind2=" ">
    <subfield code="a">van Hoof, Peter A. M.</subfield>
  </datafield>
  <datafield tag="700" ind1=" " ind2=" ">
    <subfield code="a">David, Marc</subfield>
  </datafield>
  <datafield tag="700" ind1=" " ind2=" ">
    <subfield code="a">Hensberge, Herman</subfield>
  </datafield>
  <datafield tag="700" ind1=" " ind2=" ">
    <subfield code="a">Thienpont, Emmanuel</subfield>
  </datafield>
  <datafield tag="773" ind1=" " ind2=" ">
    <subfield code="p">Atoms</subfield>
    <subfield code="v">7</subfield>
    <subfield code="y">2019</subfield>
    <subfield code="n">4</subfield>
    <subfield code="c">105 (11 pages)</subfield>
  </datafield>
  <datafield tag="856" ind1="0" ind2=" ">
    <subfield code="f">peter.vanhoof@observatoire.be</subfield>
  </datafield>
  <datafield tag="856" ind1="4" ind2="2">
    <subfield code="a">https://www.mdpi.com/2218-2004/7/4/105</subfield>
  </datafield>
  <datafield tag="905" ind1=" " ind2=" ">
    <subfield code="a">published in</subfield>
  </datafield>
  <datafield tag="980" ind1=" " ind2=" ">
    <subfield code="a">REFERD</subfield>
  </datafield>
</record>
</collection>